000 00699nam a2200181Ia 4500
008 090123s9999 xx 000 0 und d
082 _b33642
100 _aजायस्वाल जयनारायण
245 _aफास्टिंग डाएय ट्रिटमेंट
250 _a1
260 _bरानवारा प्रकाशन
_c9991
300 _a128
600 _aजायस्वाल जयनारायण
630 _aफास्टिंग डाएय ट्रिटमेंट
700 _aजायस्वाल जयनारायण
730 _aफास्टिंग डाएय ट्रिटमेंट
942 _cBOOK
999 _c71701
_d71701